<?xml version="1.0" encoding="UTF-8"?>
<marc:record xmlns:marc="http://www.loc.gov/MARC21/slim">
   <marc:leader>00000nam a2200000 a 4500</marc:leader>
   <marc:datafield ind1="1" ind2=" " tag="100">
      <marc:subfield code="a">Wolff, Iris</marc:subfield>
      <marc:subfield code="4">aut</marc:subfield>
      <marc:subfield code="e">Verfasser/-in</marc:subfield>
   </marc:datafield>
   <marc:datafield ind1=" " ind2=" " tag="653">
      <marc:subfield code="a">ROMAN</marc:subfield>
   </marc:datafield>
   <marc:datafield ind1=" " ind2=" " tag="653">
      <marc:subfield code="a">Verfolgung</marc:subfield>
   </marc:datafield>
   <marc:datafield ind1=" " ind2=" " tag="653">
      <marc:subfield code="a">Rückkehr</marc:subfield>
   </marc:datafield>
   <marc:datafield ind1=" " ind2=" " tag="653">
      <marc:subfield code="a">Erzählende Literatur</marc:subfield>
   </marc:datafield>
   <marc:datafield ind1=" " ind2=" " tag="653">
      <marc:subfield code="a">Fiktionale Darstellung</marc:subfield>
   </marc:datafield>
   <marc:datafield ind1=" " ind2=" " tag="653">
      <marc:subfield code="a">Siebenbürgen</marc:subfield>
   </marc:datafield>
   <marc:datafield ind1=" " ind2=" " tag="653">
      <marc:subfield code="a">Donauschwaben</marc:subfield>
   </marc:datafield>
   <marc:datafield ind1=" " ind2=" " tag="653">
      <marc:subfield code="a">Odaci</marc:subfield>
   </marc:datafield>
   <marc:datafield ind1=" " ind2=" " tag="653">
      <marc:subfield code="a">Siebenbürgen; Biografie; Selbstfindung; Halber Ste</marc:subfield>
   </marc:datafield>
   <marc:datafield ind1="0" ind2="0" tag="245">
      <marc:subfield code="a">Halber Stein</marc:subfield>
   </marc:datafield>
   <marc:datafield ind1="0" ind2="0" tag="245">
      <marc:subfield code="b">Roman</marc:subfield>
   </marc:datafield>
   <marc:datafield ind1="0" ind2="0" tag="245">
      <marc:subfield code="c">Iris Wolff</marc:subfield>
   </marc:datafield>
   <marc:datafield ind1=" " ind2="1" tag="264">
      <marc:subfield code="a">Salzburg</marc:subfield>
      <marc:subfield code="b">Otto Müller Verlag</marc:subfield>
      <marc:subfield code="c">2024</marc:subfield>
   </marc:datafield>
   <marc:datafield ind1=" " ind2=" " tag="250">
      <marc:subfield code="a">5. Auflage</marc:subfield>
   </marc:datafield>
   <marc:datafield ind1="1" ind2=" " tag="520">
      <marc:subfield code="a">Verlagstext:&lt;br/&gt;&lt;br/&gt;Ausgezeichnet mit dem Ernst Habermann-Preis 2014&lt;br/&gt;&lt;br/&gt;Sine, eine junge Frau, die nach Abschluss ihres Studiums auf der Suche nach ihrem beruflichen Weg ist, kehrt nach über 20 Jahren an den Ort ihrer Kindheit zurück. Ihre Großmutter Agneta ist gestorben, und gemeinsam mit ihrem Vater Johann ist sie zu deren Begräbnis nach Siebenbürgen gereist.&lt;br/&gt;Das Haus der Großmutter zieht sie vom ersten Augenblick an in ihren Bann: das Gebäude mit seiner geheimnisvollen Architektur, dem vermauerten Eingang zur ehemaligen Familienfärberei, den verschiedenfarbigen Räumen, erinnert sie an ihre Kindheit. In die Trauer um ihre Großmutter mischt sich die Trauer über die verloren geglaubte Heimat.&lt;br/&gt;Die Wiederbegegnung mit Julian, dem Freund der Kindheit, die Auseinandersetzung mit der Lebensgeschichte der Großmutter und die Erzählungen der Dorfbewohner lassen ein Bild der reichen kulturellen Vergangenheit Siebenbürgens entstehen. Details der Landschaft werden zu Metaphern einer Suche nach der eigenen Identität, und setzen in Sine einen Reifeprozess in Gang, der sie auch sich selbst näher bringt. Der in Michelsberg gelegene „Halbe Stein“, ein jahrhundertealtes Naturmonument, öffnet Sine den Blick für das Wesentliche: „Wenn man erinnert, kann man nicht verlieren.“&lt;br/&gt;Iris Wolff gelingt in ihrem literarischen Debüt ein Roman von großer erzählerischer Stärke. In poetischen Landschaftsbildern wird die Familiengeschichte Sines geschildert, die Orte und Menschen werden durch die große Sprachkraft mit allen Sinnen erlebbar.</marc:subfield>
   </marc:datafield>
   <marc:datafield ind1=" " ind2=" " tag="020">
      <marc:subfield code="a">9783701313198</marc:subfield>
      <marc:subfield code="9">9783701313198</marc:subfield>
   </marc:datafield>
   <marc:datafield ind1=" " ind2=" " tag="041">
      <marc:subfield code="a">ger</marc:subfield>
   </marc:datafield>
   <marc:datafield ind1="1" ind2=" " tag="521">
      <marc:subfield code="a">0</marc:subfield>
   </marc:datafield>
   <marc:datafield ind1=" " ind2=" " tag="300">
      <marc:subfield code="a">295 Seiten</marc:subfield>
   </marc:datafield>
</marc:record>
